ბათუმის შოთა რუსთაველის სახელმწიფო უნივერსიტეტის ბიბლიოთეკა

შესავალი ეკონომიკურ თეორიაში : მიკროეკონომიკის საფუძლები : (ბიბ.ჩანაწერი № 64131)

000 -ლიდერი
ფიქსირებული სიგრძის საკონტროლო ველი 01666nam a22002537a 4500
003 - საკონტროლო ნომრის იდენტიფიკატორი
საკონტროლო ველი Ge_BSU
005 - ბოლო ოპერაციის თარიღი და დრო
საკონტროლო ველი 20260414120251.0
008 - ფიქსირებული სიგრძის მონაცემთა ელემენტები - ზოგადი ინფორმაცია
ფიქსირებული სიგრძის საკონტროლო ველი 260414s2021 ge ||||| |||| 00| 0 geo d
041 ## - ენის კოდი
Language code of text/sound track or separate title geo
080 ## - უნივერსალური ათობითი კლასიფიკაციის ინდექსი
Universal Decimal Classification number 330.1 ბ-29
100 ## - მთავარი ჩანაწერი - პიროვნების სახელი
Personal name ბასარია, ვლადიმერ
9 (RLIN) 27310
245 ## - ცნობა სათაურის შესახებ
Title შესავალი ეკონომიკურ თეორიაში : მიკროეკონომიკის საფუძლები :
Remainder of title სალექციო კურსი და პრაქტიკუმი. სახელმძღვანელო უმაღლ. სასწავლებლების სტუდენტებისა და ლექტორებისათვის /
Statement of responsibility, etc ვლადიმერ ბასარია; რედ. ი. არჩვაძე, მ. კვარაცხელია, ი. პაპასქუა, დ. ჯალაღონია
264 ## - წარმოების, გამოცემის, დისტრიბუციის და სხვა ცნობები
გამოცემის, წარმოების, დისტრიბუციის... ადგილი თბილისი,
გამოცემის, წარმოების, დისტრიბუციის... თარიღი 2021.
300 ## - ფიზიკური აღწერა
Extent 266 გვ.;
Other physical details 30 სმ.
504 ## - BIBLIOGRAPHY, ETC. NOTE
Bibliography, etc ბიბლიოგრ. გვ. 265
653 ## - INDEX TERM--UNCONTROLLED
Uncontrolled term ეკონომიკური ქცევის პრინციპები
653 ## - INDEX TERM--UNCONTROLLED
Uncontrolled term კონკურენცია
653 ## - INDEX TERM--UNCONTROLLED
Uncontrolled term საერთაშორისო ვაჭრობა
700 ## - ADDED ENTRY--PERSONAL NAME
Personal name არჩვაძე, ი.
Relator term რედაქტორი
9 (RLIN) 27311
700 ## - ADDED ENTRY--PERSONAL NAME
Personal name კვარაცხელია, მ.
Relator term რედაქტორი
9 (RLIN) 27312
700 ## - ADDED ENTRY--PERSONAL NAME
Personal name პაპასქუა, ი.
Relator term რედაქტორი
9 (RLIN) 27313
700 ## - ADDED ENTRY--PERSONAL NAME
Personal name ჯალაღონია, დ.
Relator term რედაქტორი
9 (RLIN) 19064
942 ## - ADDED ENTRY ELEMENTS (KOHA)
Source of classification or shelving scheme
Koha item type წიგნი
ეგზემპლარები
ჩამოწერის სტატუსი დაკარგული ეგზემპლარის სტატუსი კლასიფიკაციის წყარო ან თაროზე გაწყობის სქემა დაზიანების სტატუსი არ გაიცემა მუდმივი მდებარეობა (დაცვის ადგილი) ამჟამინდელი ადგილსამყოფელი თაროზე განთავსების ადგილი შეძენის თარიღი ღირებულება, შესყიდვის ნორმალური ფასი სრული შენახვის შიფრი შტრიხკოდი ბოლო ოპერაციის თარიღი ეგზემპლარის მიმდევრობითი ნომერი (კეტერი?) Uniform Resource Identifier ფასის ძალაში შესვლის თარიღი ეგზემპლარის სახეობა საჯარო შენიშვნა
          ბათუმის შოთა რუსთაველის სახელმწიფო უნივერსიტეტის მთავარი ბიბლიოთეკა ბათუმის შოთა რუსთაველის სახელმწიფო უნივერსიტეტის მთავარი ბიბლიოთეკა წიგნსაცავი 2026-04-14 15.00 330.1 ბ-29 74270 2026-04-14 74270 ნაჩუქარი 2026-04-14 წიგნი 15 ლ.